| 000 | 00915nam a22002415i 4500 | ||
|---|---|---|---|
| 001 | 177722 | ||
| 003 | ES-MaACL | ||
| 005 | 20250813063338.0 | ||
| 008 | 110414s1948 be f |||| | fre d | ||
| 080 | _a75 Smits, Jakob | ||
| 100 | 1 |
_aHaesaerts, Paul, _d1901-1974 _961431 |
|
| 245 | 1 | 0 |
_aJacob Smits / _cpar Paul Haesaerts. |
| 260 |
_aAnvers : _bDe Sikkel, pour le Ministere de l'Instruction Publique, _ccop. 1948. |
||
| 300 |
_a16, [24] p. de lám. bl. y n. , [2] h. de lám. col. y n. ; _c25 cm. |
||
| 490 | 1 |
_aMonographies de l'art belge. Seconde Série ; _v7 |
|
| 500 | _aÍndice. | ||
| 504 | _aBibliografía: p. 15. | ||
| 546 | _aTexto en francés, leyenda de las ilustraciones en francés y holandés. | ||
| 600 | 1 | 4 |
_aSmits, Jakob. _9146190 |
| 830 | 0 |
_aMonographies de l'art belge. Seconde Série ; _v7 _9224207 |
|
| 852 |
_aES-MaACL _jE-14912 _xOlim P-972 |
||
| 999 |
_c177722 _d177722 |
||